01190nam a22003617a 45000010009000000050017000090080041000260100017000670220014000840250022000980350024001200400037001440420007001810500014001880700014002020720009002160820014002251300052002392450064002912460018003552460022003732600054003953000025004493100014004743620033004885000022005216500028005437100032005717760095006037800080006982700025007783650025008031359906720080912050407.0040310c20049999ii br p 0 0eng  a 2004325296 a0974-3626 aI-D-E-2004-325296 a(OCoLC)ocm54675731  aWaPScWaPSdTNJdDNALdDLCdCU-S alc aQD1b.P76 aQD1b.I38 aX500 a540.5219 aJournal of chemical sciences (Bangalore, India) aJournal of chemical sciences /cIndian Academy of Sciences. aJ. chem. sci. aChemical sciences aBangalore :bIndian Academy of Sciences ,cc2004- av. :bill. ;c29 cm. aBimonthly aVol. 116, no. 1 (Jan. 2004)- aTitle from cover. aChemistryvPeriodicals. aIndian Academy of Sciences. iOnline version:tJournal of chemical sciences (Bangalore, India : Online)w(OCoLC)55696621 tProceedings. Chemical sciencesx0253-4134w(DLC) 85644799w(OCoLC)6748714 mchemsci@ias.ernet.in eRs. 300.00 per annum